00430nam a22001457a 450000500170000000800410001702000180005804100080007608200090008410000240009324501010011726000430021830000080026165000150026920160615121033.0160615b xxu||||| |||| 00| 0 eng d a81-7188-418-0 aeng b7722 aC.H. Hanumantha Rao aEssays on Development Strategy Reginal disparities and center state financial relations in India aNew DelhibAcademic Foundation, c2005 a318 aManagement